| 000 | 00931nam a2200265 i 4500 | ||
|---|---|---|---|
| 001 | bg | ||
| 100 | 1 |
_aFrączek, Janusz _d(1957- ). |
|
| 245 | 0 | 0 |
_aModelowanie mechanizmów przestrzennych metodą układów wieloczłonowych / _cJanusz Frączek. |
| 260 |
_aWarszawa : _bOficyna Wydawnicza Politechniki Warszawskiej, _c2002. |
||
| 300 |
_a138, [1] s. : _bil. ; _c24 cm. |
||
| 490 | 1 |
_aPrace Naukowe. Mechanika / Politechnika Warszawska, _x0137-2335 ; _vz. 196 |
|
| 500 | _aStreszcz. ang. | ||
| 504 | _aBibliogr. | ||
| 650 | 9 |
_aMaszyny _xmechanika _xbadanie |
|
| 650 | 9 |
_aAutomaty _xmechanika _xbadanie |
|
| 650 | 9 |
_aTarcie _xzagadnienia |
|
| 650 | 9 |
_aAnaliza numeryczna _xstosowanie |
|
| 650 | 9 |
_aAlgorytmy _xstosowanie |
|
| 830 | 0 |
_aPrace Naukowe. Mechanika (Politechnika Warszawska) ; _vz. 196 |
|
| 040 | _cBPK | ||
| 041 | 0 |
_apl _ben |
|
| 080 | _a621.01:531.1/.3 | ||
| 942 | _cKS | ||
| 008 | s pl f |000 0 pol | ||
| 999 |
_c42042 _d42042 |
||
| 856 |
_uhttp://koha.tu.koszalin.pl/cgi-bin/koha/opac-detail.pl?biblionumber=42042 _yKatalog online BPK |
||